| 000 | 00984nam a2200277 a 4500 | ||
|---|---|---|---|
| 003 | DO-SdBNP | ||
| 005 | 20250307073711.0 | ||
| 007 | ta | ||
| 008 | 210922e2018 dr a|||gr|||| 001 e spa d | ||
| 020 | _a9789945410273 | ||
| 040 |
_aDO-SdBNP _bspa _cBNPHU |
||
| 082 | 4 |
_aRD863.3 _bG182e, 2018 _222 |
|
| 100 | 1 |
_aGalván, Manuel de J. _q(Manuel de Jesús) _d1834-1910 _928507 |
|
| 245 | 1 | 0 |
_aEnriquillo / _cManuel de Jesús Galván ; prólogo, Pedro Henríquez Ureña |
| 260 |
_aSanto Domingo : _bLetragráfica, _c2018 |
||
| 300 |
_a143 p. : _bil. ; _c22 cm |
||
| 490 | 1 | _aLibros para todos. | |
| 500 | _aIncluye datos biográficos del autor en la contracubierta | ||
| 590 | _aInventariado 2021 / MF | ||
| 600 | 1 | 0 |
_aEnriquillo, _d1535- _ccacique, _979589 |
| 650 | 4 |
_aNovela histórica dominicana. _9860 |
|
| 700 | 1 |
_aHenríquez Ureña, Pedro, _d1884-1946 _epról. _91718 |
|
| 830 | 0 |
_aLibros para todos. _97034 |
|
| 910 | _aValidado. Control de calidad MFF | ||
| 942 |
_2ddc _cLBS1 |
||
| 999 |
_c50646 _d50646 |
||